000 00749nam a2200217 a 4500
005 20240924071013.0
008 991125s1992 mx 000 0 spa u
020 _a9682946530
035 _aUPN01000005713
049 _aSEP
050 4 _aZ674
_bM4.2 no.5
110 1 _aMéxico.
_bSecretaría de Educación Pública
245 1 0 _aBibliotecas públicas y conducta lectora :
_binvestigaciones /
_cDirección General de Bibliotecas.
260 _aMéxico :
_bSEP, Dirección General de Bibliotecas,
_c1992.
300 _a155 p. :
_bgráfs.
440 0 _aInvestigaciones ;
_v5
650 4 _aBIBLIOTECAS PUBLICAS -
_zMEXICO -
_xINVESTIGACION
_93058
650 4 _aLibros y lectura
_95227
650 4 _aBibliotecas públicas
_zMéxico
_93056
905 _aLibro
999 _c5713
_d5713